Κατάλογος Βιβλιοθηκών Mediterranean College

Printmaking in America / Collaborative Prints and Presses 1960-1990 (Record no. 3977)

MARC details
000 -LEADER
fixed length control field 01341cam a22002414a 4500
005 - ΗΜΕΡΟΜΗΝΙΑ ΚΑΙ ΩΡΑ ΤΕΛΕΥΤΑΙΑΣ ΕΝΗΜΕΡΩΣΗΣ
Πεδίο ελέγχου 20250605164131.0
008 - FIXED-LENGTH DATA ELEMENTS--GENERAL INFORMATION
Πεδίο ελέγχου σταθερού μήκους 250528s ||||||||||||||||||||||||d
035 ## - SYSTEM CONTROL NUMBER
System control number 18630
020 ## - ISBN
ISBN 810937433
040 ## - ΠΗΓΗ ΚΑΤΑΛΟΓΟΓΡΑΦΗΣΗΣ
Φορέας πρωτότυπης καταλογογράφησης MC Athens Campus Library
Γλώσσα καταλογογράφησης Ελληνικά, Μοντέρνα (1453-)
Modifying agency MC Athens Campus Library
Κανόνες περιγραφικής καταλογογράφησης AACR2
245 1# - ΤΙΤΛΟΣ ΚΑΙ ΔΗΛΩΣΗ ΥΠΕΥΘΥΝΟΤΗΤΑΣ
Τίτλος Printmaking in America / Collaborative Prints and Presses 1960-1990
260 ## - PUBLICATION, DISTRIBUTION, ETC.
Name of publisher, distributor, etc. Harry N. Abrams, Inc,
Date of publication, distribution, etc. 1996
300 ## - PHYSICAL DESCRIPTION
Extent 250
505 0# - FORMATTED CONTENTS NOTE
Formatted contents note Lenders to the Exhibition, Introduction and Acknowledgements, Collaboration in American Printmaking Before 1960, Multiple Visions: Printers and Artists and Promoter and Patrons, Printmaking 1960 to 1990, Multiple Purposes: Collaboration and Education in University and Non-Profit Workshops, Exhibition Checklist, The plates, Selected Bibliography, Index.
520 ## - SUMMARY, ETC.
Summary, etc. Lenders to the Exhibition, Introduction and Acknowledgements, Collaboration in American Printmaking Before 1960, Multiple Visions: Printers and Artists and Promoter and Patrons, Printmaking 1960 to 1990, Multiple Purposes: Collaboration and Education in University and Non-Profit Workshops, Exhibition Checklist, The plates, Selected Bibliography, Index.
700 1# - ΠΡΟΣΘΕΤΗ ΑΝΑΓΡΑΦΗ--ΦΥΣΙΚΟ ΠΡΟΣΩΠΟ
Personal name Hansen Trudy V
9 (RLIN) 4897
700 1# - ΠΡΟΣΘΕΤΗ ΑΝΑΓΡΑΦΗ--ΦΥΣΙΚΟ ΠΡΟΣΩΠΟ
Personal name Mickenberg David
9 (RLIN) 4898
700 1# - ΠΡΟΣΘΕΤΗ ΑΝΑΓΡΑΦΗ--ΦΥΣΙΚΟ ΠΡΟΣΩΠΟ
Personal name Moser Joann
9 (RLIN) 4899
700 1# - ΠΡΟΣΘΕΤΗ ΑΝΑΓΡΑΦΗ--ΦΥΣΙΚΟ ΠΡΟΣΩΠΟ
Personal name Walker Barry
9 (RLIN) 4900
942 ## - ADDED ENTRY ELEMENTS (KOHA)
Koha item type Books
Holdings
Τύπος τεκμηρίου Βιβλιοθήκη Τρέχουσα τοποθεσία Barcode Αριθμός εισαγωγής Ημερομηνία απόκτησης Ταξιθετικό σύμβολο Αριθμός αντιτύπου Κατάσταση απόσυρσης Κατάσταση χαμένου Κατάσταση κατεστραμμένου Μη δανεισμός Σύνολο δανεισμών Ημερομηνία τελευταίας εμφάνισης Η τιμή ισχύει από
Books MC Athens Campus Library MC Athens Campus Library 9780000039767 3535 05/06/2025 769.973/074/7731 HAN 1           05/06/2025 05/06/2025

MC Athens Campus Library
Πατησίων 94 & Κοδριγκτώνος 13, 104 34
Πελλήνης 8 & Πατησίων 107, 112 51
Τ: +30 210 8899600

MC Thessaloniki Campus Library
Ίωνος Δραγούμη 21, 54625 | Ίωνος Δραγούμη 15, 54625
Τ: +30 2310 287779 – Τ: +30 2314 440300